000 00857cac a2200277 a 4500
003 Co-PeBPM
005 20250915120855.0
008 231129e1986||||ck a||||||||||||| ||spa||
020 _a8420601691
040 0 _aCo-PeBPM
_bspa
_cCo-PeBPM
_erda
041 _aspa
082 0 4 _a523.43 A832m
_222
100 1 _aAsimov, Isaac
_eautor
245 1 0 _aMarte el planeta rojo
_c/ Isaac Asimov, traductor Néstor Míguez, diagramas Giulio Maestro
260 _aMadrid, España
_b: Alianza
_c, 1986
300 _a221 páginas
_b: Ilustraciones a blanco y negro
_c; 18 centímetros
500 _aIncluye índice.
650 1 4 _aMarte
_2LEMB
650 1 4 _aPlanetas
_2LEMB
650 1 4 _aVida
_2LEMB
650 1 4 _aCiencia
_2LEMB
650 1 4 _aInvestigación
_2LEMB
700 _aNéstor Míguez
_eTraductor
700 _aGiulio Maestro
_eDiagramas
942 _2ddc
_cBK
999 _c20696
_d20696